Harry Potter Quotes - Statistics

General Stats
  • This quiz has been taken 79 times
  • The average score is 11 of 15
Answer Stats
Hint Answer % Correct
Yer a wizard Harry Hagrid
89%
Dobby is free Dobby
85%
Why is it, that when something happens, it is always you three? Minerva McGonagall
85%
Training for the ballet,Potter? Draco Malfoy
81%
Just because you have the emotional range of a teaspoon! Hermione Granger
78%
Why is it always me? Neville Longbottom
78%
Saintlike... I'm holey. Holey, Fred, geddit? George Weasley
74%
Always Severus Snape
74%
There is no good and evil, there is only power and those too weak to seek it. Voldemort
74%
You’re just as sane as I am Luna Lovegood
70%
The whole wide world of ear-related humor and you go for 'I'm holy'? Pathetic Fred Weasley
67%
Alas, earwax Albus Dumbledore
59%
I’m sure we’re all going to be very good friends Dolores Umbridge
56%
I am a wizard, not a baboon brandishing a stick Seamus Finnigan
44%
We've all got both light and dark inside us. What matters is the part we choose to act on Sirius Black
41%
No matching quizzes found
Score Distribution
Percent of People with Each Score
Percentile by Number Answered
Your Score History
You have not taken this quiz